| 000 | 00874nam a2200265 a 4500 | ||
|---|---|---|---|
| 001 | 25832 | ||
| 003 | CO-ViMGA | ||
| 008 | 141112s2004 ck r 000 u spa d | ||
| 020 | _a9789586652643 | ||
| 040 |
_aCO-ViMGA _bspa _cCO-ViMGA |
||
| 041 | _aSPA | ||
| 090 | _aC STE2 | ||
| 100 | 1 |
_aStevenson, Robert Louis, 1850 - 1894 _92718 |
|
| 245 | 1 | 0 |
_aUn regalo de navidad / _cRobert Louis Stevenson ; ilustraciones Tyto Alba ; traducción Juan Sebastián Cárdenas |
| 250 | _a1a ed. | ||
| 260 |
_a[s.l.] : _bPeriférica, _c2013 |
||
| 300 | _a152 p. : il. byn. | ||
| 500 | _aTítulos originales : Markheim, Olalla | ||
| 650 | 1 | 4 |
_aAUTORES ESCOCESES _940124 |
| 650 | 1 | 4 |
_aCUENTOS ESCOCESES - SIGLO XIX _940125 |
| 650 | 1 | 4 |
_aLITERATURA ESCOCESA - SIGLO XIX _940126 |
| 700 | 1 |
_aAlba, Tyto, 1975 - _940127 |
|
| 700 | 1 |
_aCárdenas, Juan Sebastián _940128 |
|
| 942 |
_2ddc _cBK |
||
| 999 |
_c5397 _d5397 |
||